Music Quiz

Random Music or Clickable Quiz
Score 0/20 Timer 05:00
0 Plays Today
% Correct
Eleanor Rigby
93.1%
Big Bad John
88.9%
(Jenny) 867-5309
88.4%
Oh, Pretty Woman
83.1%
Jessie's Girl
81%
Wake Me Up Before You Go Go
80.7%
25 or 6 to 4
80.2%
Black Water
77.3%
Oxford Comma
76.6%
Take Me Home Country Roads
73.3%
% Correct
Stupid in Love
71%
Does Anybody Really Know What Time it Is
69.5%
A Boy Named Sue
62.7%
Roberta
59.3%
I'm Your Boogie Man
55.8%
Out of the Cradle
55.3%
Charlie Don't Surf
48.8%
Bad to the Bone
43.8%
The Thing that Should Not Be
43.4%
All My Life
25.3%
Remove Ads.
Support Sporcle.
Get the best of Sporcle when you Go Orange. This ad-free experience offers more features, more stats, and more fun while also helping to support Sporcle. Thank you for becoming a member.

You're not logged in!

Compare scores with friends on all Sporcle quizzes.
OR
Log In

Show Comments

Extras

Top Quizzes Today


Score Distribution

Your Account Isn't Verified!

In order to create a playlist on Sporcle, you need to verify the email address you used during registration. Go to your Sporcle Settings to finish the process.

Report this User

Report this user for behavior that violates our Community Guidelines.

Details: